000 00413 a2200169 4500
001 74451
020 _a850804623-5
040 _cAnchieta - Colégio São Paulo
100 _aPricre, Mary Del
240 1 0 _aReligião e religiosidade no Brasil colonial
_lpor
245 1 0 _aReligião e religiosidade no Brasil colonial
300 _a72
362 0 _a1997
440 1 _aÁtica
650 4 _aBrasil
942 _cBK
999 _c74451
_d74451